Mechanics of materials (Record no. 6912)

000 -LEADER
fixed length control field 00506nam a2200205 a 4500
001 - CONTROL NUMBER
control field 6912
003 - CONTROL NUMBER IDENTIFIER
control field BD-DhUET
008 - FIXED-LENGTH DATA ELEMENTS--GENERAL INFORMATION
fixed length control field 750825s1976 nyua bi 001 0 eng
040 ## - CATALOGING SOURCE
Original cataloging agency DLC
Transcribing agency DLC
Modifying agency BD-DhUET
082 00 - DEWEY DECIMAL CLASSIFICATION NUMBER
Classification number 620.11
Item number POP/1976
100 ## - MAIN ENTRY--PERSONAL NAME
Personal name Popov, E. P.
245 00 - TITLE STATEMENT
Title Mechanics of materials
250 ## - EDITION STATEMENT
Edition statement 2nd ed.
260 ## - PUBLICATION, DISTRIBUTION, ETC. (IMPRINT)
Place of publication, distribution, etc. New Jersey
Name of publisher, distributor, etc. Prentice-Hall
Date of publication, distribution, etc. 1976
300 ## - PHYSICAL DESCRIPTION
Extent ix,589p.
Other physical details ill.
Dimensions 24 cm.
650 #0 - SUBJECT ADDED ENTRY--TOPICAL TERM
Topical term or geographic name as entry element Strength of materials
700 ## - ADDED ENTRY--PERSONAL NAME
Personal name Nagarajan, S.
700 ## - ADDED ENTRY--PERSONAL NAME
Personal name Lu, Z. A.
942 ## - ADDED ENTRY ELEMENTS (KOHA)
Koha item type General Book
Holdings
Koha issues (times borrowed) Price effective from Source of classification or shelving scheme Date acquired Koha date last borrowed Location (home branch) Koha full call number Withdrawn status Koha item type Koha date last seen Damaged status Not for loan Copy number Shelving location Piece designation (barcode) Koha normalized classification for sorting Sublocation or collection (holding branch) Lost status
22014-12-06 2014-12-062023-12-02Central Library, BUET620.11/POP/1976 General Book2023-12-17  1Circulation section66175620_110000000000000_POP_1976Central Library, BUET 
 2014-12-07 2014-12-07 Central Library, BUET620.11/ POP/1976 General Book2014-12-07  2Circulation section21010620_110000000000000_POP_1976Central Library, BUET 
12014-12-07 2014-12-072023-12-11Central Library, BUET620.11/POP/1976 General Book2024-01-16  3Circulation section7885620_110000000000000_POP_1976Central Library, BUET 
 2015-06-30 2015-06-30 Central Library, BUET620.11/POP/1976 Reading Item2015-06-30  4Reading section45480620_110000000000000_POP_1976Central Library, BUET